000 00553nam a2200181Ia 4500
005 20250326143213.0
008 250326s9999 xx 000 0 und d
037 _aTextbook
040 _aFMSL
_beng
_cFMSL
041 _aeng
_2eng
084 _aX:74obD658(2:55) P0
_qFMSL
100 _aPatel K
_9747376
245 0 _aDigital transformation : essentials of e-business leadership
_cPatel K; Mccarthy M P
260 _aNY
_bNY, McGraw-Hill
_c2000
300 _a134p
942 _cTB
_hX:74obD658(2:55) P0
999 _c1298581
_d1298581